Korea and the knowledge-based economy (Record no. 1112823)

MARC details
000 -LEADER
fixed length control field 01238nam a2200325Ia 4500
003 - CONTROL NUMBER IDENTIFIER
control field OSt
005 - DATE AND TIME OF LATEST TRANSACTION
control field 20221006160239.0
008 - FIXED-LENGTH DATA ELEMENTS--GENERAL INFORMATION
fixed length control field 221006b |||||||| |||| 00| 0 eng d
020 ## - INTERNATIONAL STANDARD BOOK NUMBER
International Standard Book Number 9789264182981
037 ## - SOURCE OF ACQUISITION
Terms of availability Textual
040 ## - CATALOGING SOURCE
Original cataloging agency EASL
Transcribing agency EASL
Language of cataloging eng
041 ## - LANGUAGE CODE
Source of code eng
Language code of text/sound track or separate title eng
100 ## - MAIN ENTRY--PERSONAL NAME
Personal name Dalhman Carl Ed.
9 (RLIN) 672627
245 #0 - TITLE STATEMENT
Title Korea and the knowledge-based economy
Remainder of title Making the transition
260 ## - PUBLICATION, DISTRIBUTION, ETC.
Place of publication, distribution, etc. Paris
Name of publisher, distributor, etc. Organisation for Economics Co-Operation and Development
Date of publication, distribution, etc. 2000
300 ## - PHYSICAL DESCRIPTION
Extent 156p.
Dimensions cm.
490 ## - SERIES STATEMENT
Volume/sequential designation KEL
650 ## - SUBJECT ADDED ENTRY--TOPICAL TERM
Topical term or geographic name entry element Korea - Developing human resources for knowledge-based economy
9 (RLIN) 672628
650 ## - SUBJECT ADDED ENTRY--TOPICAL TERM
Topical term or geographic name entry element Korea - Ensuring dynamic information infrastructure
9 (RLIN) 672629
650 ## - SUBJECT ADDED ENTRY--TOPICAL TERM
Topical term or geographic name entry element Korea - Technological improvement
9 (RLIN) 672630
650 ## - SUBJECT ADDED ENTRY--TOPICAL TERM
Topical term or geographic name entry element Korea - Updating the economic incentive and institutional regime
9 (RLIN) 672631
650 ## - SUBJECT ADDED ENTRY--TOPICAL TERM
Topical term or geographic name entry element Korea - Development strategy - Knowldge revolution
9 (RLIN) 672632
700 ## - ADDED ENTRY--PERSONAL NAME
Personal name Andersson Thomas Ed.
9 (RLIN) 672633
942 ## - ADDED ENTRY ELEMENTS (KOHA)
Classification part X.495.P00, P0
Koha item type Textual
Source of classification or shelving scheme Colon Classification (CC)
Holdings
Withdrawn status Lost status Source of classification or shelving scheme Damaged status Not for loan Home library Current library Date acquired Source of acquisition Cost, normal purchase price Serial Enumeration / chronology Total Checkouts Full call number Barcode Date last seen Cost, replacement price Price effective from Koha item type
    Colon Classification (CC)     Department of East Asian Studies Library Department of East Asian Studies Library 2022-10-06 Gift, Window on Korea 3960.00 KEL   X.495.P00 P0 EA1397488 2022-10-06 3960.00 2022-10-06 Textual
Copyright @ Delhi University Library System